History Quiz

Random History Quiz

50 Emperors of Rome Quiz Stats

 Plays Quiz not verified by Sporcle

Challenge
Share
Tweet
Embed
Score 0/50 Timer 12:00
0 Plays Today
HINT HINT EMPEROR % Correct
Set Rome alightNero
84.1%
41 year reignAugustus
83%
Rome at its largestTrajan
83%
MeglomaniacCaligula
81.8%
MiserlyTiberius
77.3%
Conquered BrittaniaClaudius
75%
Built a wall in BritainHadrian
72.7%
Father in 'Gladiator'Marcus Aurelius
63.6%
First Emperor in Year of Four EmperorsGalba
61.4%
Started the building of ColloseumVespasian
61.4%
Son in 'Gladiator'Commodus
60.2%
Emperor for 3 Months in 69Otho
59.1%
General in Roman-Jewish WarTitus
56.8%
Last Flavian EmperorDomitian
47.7%
Chose a Spainiard as next EmperorNerva
47.7%
1st Severan EmperorSeptimius Severus
45.5%
First Christian EmperorConstantine I
45.5%
Emperor 138-161Antoninus Pius
44.3%
Known for Massacres and ExecutionsCaracalla
43.2%
Co-Emperor from 161-169Lucius Verus
37.5%
3 Month Reign in 193Pertinax
37.5%
8 Month Reign in 69Vitelius
34.1%
Murdered by his Older BrotherGeta
34.1%
He and his Son were part of Year of Six EmperorsGordian I
34.1%
He and his Father were part of Year of Six EmperorsGordian II
34.1%
HINT HINT EMPEROR % Correct
Assassinated Prior EmperorElagabalus
31.8%
Paid the Praetorians to murder prior EmperorDidius Julianus
30.7%
Youngest Emperor at Age 13Gordian III
30.7%
Of North African DescentMacrinus
29.5%
First Emperor never to be in RomeMaximinus Thrax
27.3%
Consul TwiceBalbinus
25%
Opposition of QuintillusAurelian
23.9%
Governed Eastern ProvincesProbus
23.9%
Emperor from 337-340Constantine II
23.9%
Son of a BlacksmithPupienus
22.7%
Marked the beginning of the Crisis of the Third CenturySeverus Alexander
21.6%
Probus' Praetorian PrefectCarus
17%
First only western emperorMaximian
15.9%
Negotiated Peace with the SassanidsPhillip the Arab
14.8%
Son of #37Gallienus
14.8%
Son of #43Carinus
14.8%
Killed at Battle of AbrittusTrajan Decius
12.5%
Won Battle of NaissusClaudius II
12.5%
In power for two monthsAemilian
9.1%
Emperor from 305-311Galerius
6.8%
Split the EmpireDioclecian
3.4%
Reign from 251-253Trabonianus Gallus
1.1%
7 years on the throneValarien
1.1%
Elected by to SenateM. Claudius Tacticus
1.1%
14 months in powerConstantius I Chlorus
1.1%

You're not logged in!

Compare scores with friends on all Sporcle quizzes.
Join for Free
OR
Log In

You Might Also Like...

Show Comments

Extras

Created Jun 18, 2013ReportNominate
Tags:emperor, fabulous

Top Quizzes Today


Score Distribution

Your Account Isn't Verified!

In order to create a playlist on Sporcle, you need to verify the email address you used during registration. Go to your Sporcle Settings to finish the process.

Report this User

Report this user for behavior that violates our Community Guidelines.

Details: